000 00454nam a2200169Ia 4500
008 230524s9999 xx 000 0 und d
082 _a4.12
_bLIU
100 _aYu-Cheng Liu
245 0 _a"Microcomputer Systems :The 8086/ 8088 Family (Architecture, Programming& Design)"
250 _a2ND
260 _aNEW DELHI
_bPHI
_c2004
300 _aVI;613
500 _aQuantity Number: 2
650 _aComp-Sc
700 _a Glenn A. Gibson
942 _cBK
999 _c36585
_d36585